Histoires
Saved in:
| Hovedforfatter: | |
|---|---|
| Format: | Bog |
| Sprog: | fransk græsk |
| Udgivet: |
París
Les Belles Lettres
1960
|
| Udgivelse: | 3a. ed |
| Serier: | Collection des Universités de France
|
| Fag: | |
| Tags: |
Tilføj Tag
Ingen Tags, Vær først til at tagge denne postø!
|
MARC
| LEADER | 00000nam a2200000 a 4500 | ||
|---|---|---|---|
| 001 | UCO5603 | ||
| 003 | CL-VaPUC | ||
| 008 | 000908e19600000FR |||||||||||||||||fre|d | ||
| 041 | 0 | 7 | |a fre |2 CL-VaPUC |
| 041 | 0 | 7 | |a gre |2 CL-VaPUC |
| 082 | 0 | 4 | |a 938 |b HER |2 21 |
| 100 | 0 | |a Heródoto |e author |9 337011 | |
| 245 | 1 | 0 | |a Histoires |
| 250 | |a 3a. ed | ||
| 300 | |a v | ||
| 942 | |c BK | ||
| 945 | |d 20000908 00:00:00 |a crobeson | ||
| 260 | |a París |b Les Belles Lettres |c 1960 | ||
| 500 | |a v.1: Clio | ||
| 500 | |a v.2: Euterpe | ||
| 500 | |a v.3: Thalie | ||
| 500 | |a v.4: Melpomene | ||
| 500 | |a v.5: Terpsichore | ||
| 500 | |a v.6: Erato | ||
| 500 | |a v.7: Polymnie | ||
| 500 | |a v.8: Uranie | ||
| 500 | |a v.9: Calliope | ||
| 500 | |a Introduction | ||
| 500 | |a Index Analytique | ||
| 650 | 7 | |a HISTORIA GRIEGA |2 CL-VaPUC |9 314116 | |
| 650 | 0 | |a Historia antigua |9 267521 | |
| 650 | 0 | |a Civilizaciones antiguas |9 265998 | |
| 650 | 0 | |a Guerras médicas |9 405682 | |
| 651 | 0 | |a Grecia |9 265314 | |
| 651 | 7 | |a PERSIA |2 CL-VaPUC |9 316501 | |
| 583 | |a last modification |c 20000908 00:00:00 |k Rodrigo Vera | ||
| 490 | 0 | |a Collection des Universités de France | |
| 999 | |c 291453 |d 291451 | ||
| 952 | |0 0 |1 0 |4 0 |6 938_000000000000000_HER_1960 |7 0 |8 P |9 341298 |a BIBART |b BIBART |d 2019-11-20 |h v.4 |i 2668971 |o 938 HER 1960 |p 2668971 |r 2025-03-13 |w 2019-11-20 |y BK |k ART | ||